000 00379nam a2200133Ia 4500
008 100328s9999 xx 000 0 und d
082 _b29306
100 _aआपटे ह.ना.
245 _aविदग वाङ्मय
260 _bआर्यभूषण
630 _aविदग वाङ्मय
730 _aविदग वाङ्मय
942 _cBOOK
999 _c520348
_d520345